Work like you're showing off ! : The joy, jazz, and kick of being better tomorrow than you were today
A guide to creating joyful success in work and in life What the world needs is more showoffs. Showing off is a good thing. Showing off is a mindset. Showing off is about living life and doing.
Spremljeno u:
| Glavni autor: | |
|---|---|
| Format: | Knjiga |
| Jezik: | Undetermined |
| Izdano: |
Hoboken, N.J.
John Wiley & Sons
2007
|
| Teme: | |
| Oznake: |
Dodaj oznaku
Bez oznaka, Budi prvi tko označuje ovaj zapis!
|
| Thư viện lưu trữ: | Trung tâm Học liệu Trường Đại học Cần Thơ |
|---|
| LEADER | 00923nam a2200217Ia 4500 | ||
|---|---|---|---|
| 001 | CTU_166088 | ||
| 008 | 210402s9999 xx 000 0 und d | ||
| 020 | |c 14.95 | ||
| 082 | |a 650.1 | ||
| 082 | |b C163 | ||
| 100 | |a Calloway, Joe | ||
| 245 | 0 | |a Work like you're showing off ! : | |
| 245 | 4 | |b The joy, jazz, and kick of being better tomorrow than you were today | |
| 245 | 0 | |c Joe Calloway | |
| 260 | |a Hoboken, N.J. | ||
| 260 | |b John Wiley & Sons | ||
| 260 | |c 2007 | ||
| 520 | |a A guide to creating joyful success in work and in life What the world needs is more showoffs. Showing off is a good thing. Showing off is a mindset. Showing off is about living life and doing. | ||
| 650 | |a Success in business,Creative ability in business,Thành công trong kinh doanh,Khả năng sáng tạo trong kinh doanh | ||
| 904 | |i Ngoc Mai, Loan, Bạch Trúc | ||
| 980 | |a Trung tâm Học liệu Trường Đại học Cần Thơ | ||